00904cam a22002651 450000100060000000300080000600500170001400800390003103500190007003500190008904000300010804100080013808200230014624500760016926000380024530000250028365000340030865000260034270000600036870000520042870000330048070000430051370000340055670000480059024533BD-RjUL20211209001050.0140313s1940 xx 000 0 eng a(BD-RjUL)24600 a(OCoLC)1241470 aDLCcOCUdOCoLCdDLCbeng aeng a940.5304bBAC 194004aThe Background and issues of the war /cby H. A. L. Fisher [and others] aOxford :bClarendon press,c1940. avi, 141 p. ;c20 cm. 0aWorld War, 1939-1945xCauses. 0aWorld War, 1939-1945.1 aFisher, H. A. L.q(Herbert Albert Laurens),d1865-1940.1 aLindsay, A. D.q(Alexander Dunlop),d1879-1952.1 aMurray, Gilbert,d1866-1957.1 aEnsor, Robert Charles Kirkwood,d1877-1 aNicolson, Harold,d1886-1968.1 aBrierly, J. L.q(James Leslie),d1881-1955.